000 00336nam a2200145Ia 4500
008 210210b1946 xxu||||| |||| 00| 0 eng d
041 _aeng
082 _a821/241
100 _aGARROD (H W)
245 _aEpigrams
260 _aOxford
_bBasil Blackwell
_c1946
650 _aEpigrams
690 _aEnglish Literature
906 _a011410
999 _c130087
_d130087